| 000 | 00948cam a2200217 4500500 | ||
|---|---|---|---|
| 005 | 20260201110313.0 | ||
| 041 | _afre | ||
| 042 | _adc | ||
| 100 | 1 | 0 |
_aTchernicheff, Igor _eauthor |
| 245 | 0 | 0 | _aLe vrai Self, une épure de l'intime ? |
| 260 | _c2010. | ||
| 500 | _a5 | ||
| 520 | _aRésuméCherchant à donner corps à la constitution de l’intime sur un mode étiologique et développemental, à partir de l’unité mère-nourrisson, l’auteur avance l’hypothèse que le vrai Self (tel que défini par Winnicott) en serait son lieu et son architecture jusqu’à être à la source de toute création artistique. | ||
| 690 | _acréation | ||
| 690 | _amère good enough | ||
| 690 | _aomnipotence infantile | ||
| 690 | _aparadoxe de l'objet | ||
| 690 | _avrai Self | ||
| 786 | 0 | _nEmpan | 77 | 1 | 2010-05-17 | p. 40-43 | 1152-3336 | |
| 856 | 4 | 1 | _uhttps://shs.cairn.info/revue-empan-2010-1-page-40?lang=fr&redirect-ssocas=7080 |
| 999 |
_c1641350 _d1641350 |
||